Plata dulce

Carlos Bonifatti y Rubén Molinuevo, dos empresarios dedicados a la venta de botiquines, intentan mantener su fábrica abierta frente a los embates de la profunda política económica de desindustrialización que está llevando a cabo la última dictadura militar. Carlos se encuentra un día con un excompañ...

Descripción completa

Guardado en:
Autor Principal: Ayala, Fernando.
Autor Corporativo: Aries Cinematográfica Argentina.
Otros Autores: Luppi, Federico; Reparto., De Grazia, Julio; Reparto., Lunadei, Gianni; Reparto.
Formato: Deslizar
Idioma:Undetermined
Publicado: Argentina : Aries Cinematográfica Argentina, 1982.
Materias:
Etiquetas: Agregar Etiqueta
Sin Etiquetas, Sea el primero en etiquetar este registro!
LEADER 01581ngm a22002295a 4500
001 CEM.cems020600
008 231102s1982####xx#---############vlund#d
005 20231102203432.0
245 1 0 |a Plata dulce  |h [videograbación] /  |c Fernando Ayala. 
260 |a Argentina :  |b Aries Cinematográfica Argentina,  |c 1982. 
300 |a 94'. 
520 |a Carlos Bonifatti y Rubén Molinuevo, dos empresarios dedicados a la venta de botiquines, intentan mantener su fábrica abierta frente a los embates de la profunda política económica de desindustrialización que está llevando a cabo la última dictadura militar. Carlos se encuentra un día con un excompañero de la "colimba", Arteche, que le ofrece un negocio redondo. Decide entonces dejar su trabajo y dedicarse a los negocios financieros y especulativos, los cuales están en auge. Mientras tanto, Rubén se empeña en continuar con la fábrica. Al principio los hechos parecen darle la razón a Carlos, que mejora notablemente su nivel de vida: auto nuevo, casa nueva. Sin embargo, al poco tiempo se produce un hecho inesperado que cambia para siempre sus vidas. 
538 |a Soporte: DVD -- Formato: AVI – Peso: 671mb -- Resolución: 720 x 480 -- 29.97 fps 
590 |a Identificación anterior: 259 
100 1 |a Ayala, Fernando. 
700 1 |a Luppi, Federico; Reparto. 
700 1 |a De Grazia, Julio; Reparto. 
700 1 |a Lunadei, Gianni; Reparto. 
710 2 |a Aries Cinematográfica Argentina. 
653 |a LARGOMETRAJE 
653 |a FICCIÓN 
859 |a CEMS  |b BIB. CEMS - Depto. Recursos Didacticos  |h 778.5  |i AYA  |k DRD  |p 3203.23  |t Ej.1